000 00392nam a22001457a 4500
999 _c197380
_d197380
008 230822b ||||| |||| 00| 0 eng d
082 _aS-SAR
100 _aSarkar, Kalpita
245 _aCyberdude and the Mystery of the perfect domans
_hEnglish
260 _aDelhi
_bA.I.C.B.
_cRohini
270 _aA.I.C.B. Rohini, Delhi
300 _a12x13
490 _v1
942 _2ddc
_cBRLEN
_kS
_mSAR